00512nam a2200145Ia 4500008004100000020001500041050001900056100002300075245011000098260002900208300003500237500003600272650003400308700002400342120626s9999 mx a 000 0 spa d a9688871575 aNC1000 bP6718 aPorter, Tomeautor aManual de técnicas gráficas para arquitectos, diseñadores y artistasc / Tom Porter y Sue Goodman aMéxicob: Gustavo Gili a144 páginasb: ilustraciones aTraduccion de Santiago Castán 0aARTES GRÁFICAS vTÉCNICA  aGoodman, Sueeautor